000 00633nam a22002417a 4500
003 UA-OsUOA
001 45784
007 ta
008 20070514b un ||||| |||| 00| 0 ukr d
100 _aШемшученко В.
090 _a821.1616.1
_bШ46
942 _cBK
040 _aUA-OsUOA
_brus
_cUA-OsUOA
_dUA-OsUOA
245 _aИсповедь
_bСтихотворения
300 _a192 с.
955 _a2
041 _arus
080 _a821.1616.1
020 _a966-504-406-0
260 _aК.
_bГенеза
_c2005
650 7 _a82 Література. Літературознавство
_2UDC
999 _c331878
_d331878